Statistics for U.S. States Producing the Most Wheat

Click here to take the quiz!

General Stats

  • This quiz has been taken 126 times
  • The average score is 8 of 10

Answer Stats

State% Correct
Kansas
93%
North Dakota
92%
South Dakota
92%
Texas
89%
Nebraska
88%
Oklahoma
88%
Montana
82%
Idaho
76%
Minnesota
75%
Washington
62%

Score Distribution

Percentile by Number Answered

Percent of People with Each Score

Your Score History

You have not taken this quiz